| 000 | 01060nam a22003131i 4500 | ||
|---|---|---|---|
| 003 | OSt | ||
| 005 | 20210302121946.0 | ||
| 008 | 210302t20062006enkfb||gr|||| 001 0 eng d | ||
| 020 |
_a9780300124156 _cRM 49.88 _qpaperback |
||
| 040 |
_aPPAK _beng _cPPAK _erda |
||
| 082 | 0 | 4 |
_a598.098 _223 |
| 090 |
_a598.098 _bRES _dR |
||
| 100 | 1 |
_aRestall, Robin L. _eauthor. |
|
| 245 | 1 | 0 |
_aBirds of Northern South America : _bAn Identification Guide. _pVolume 2 : Plates and Maps / _cRobin Restall, Clemencia Rodner, Miguel Lentino. |
| 264 | 1 |
_aLondon : _bChristopher Helm, _c2006 |
|
| 264 | 4 | _c©2006. | |
| 300 |
_a656 pages : _bcolour plates and maps ; _c24 cm |
||
| 336 |
_atext _2rdacontent |
||
| 336 |
_astill image _2rdacontent |
||
| 337 |
_aunmediated _2rdamedia |
||
| 338 |
_avolume _2rdacarrier |
||
| 490 | 1 | _aHelm field guides. | |
| 504 | _aIncludes bibliographical references and index. | ||
| 650 | 1 | 0 |
_aBirds _zSouth America. |
| 650 | 0 |
_aBirds _zSouth America _xIdentification. |
|
| 650 | 0 | _aBirds. | |
| 830 | 0 | _aHelm field guides. | |
| 942 |
_2ddc _cB |
||
| 999 |
_c182384 _d182384 |
||